000 00594nam a2200193Ia 4500
003 BUBTL
008 151213s9999 xx 000 0 und d
020 _a0538800488
082 _a658.8/ P4412m/ 1989
100 _aSheth, Jagdish
_92585
245 _aGlobal Marketing Perspectives
_cJagdish Sheth & Abdolreza Eshghi
260 _aCincinnali
_bSouth Western Publishing
_cc1989
300 _a[xiv],186p.:
_b23cm.
650 _aMarketing
_92586
700 _aJagdish Sheth & Abdolreza Eshghi
_94345
856 _k0
_l0
_yDownload
942 _2ddc
_cBK
999 _c1933
_d1933